000 00875nam a2200229 a 4500
999 _c6151
_d6151
001 6151
003 BD-JhCC
005 20200402134008.0
008 180114s1997 b |||| || | 000 0 eng d
020 _a9840603752
035 _a(BD-JhCC)6151
040 _aBD-JhCC
_dBD-JhCC
041 _aeng
082 _a297.1227
_bTAF 1997
245 _aতাফসীরে মাযহারী /
_b আল্লামা কাযী মুহাম্মদ ছানাউল্লাহ পানীপথী (র.) অনুবাদ
260 _aঢাকা :
_bইসলামিক ফাউন্ডেশন বাংলাদেশ,
_c1997.
300 _a751 p. :
_c23 cm.
650 _aAl- Quran
700 _aপানীপথী, আল্লামা কাযী মুহাম্মদ ছানাউল্লাহ
942 _2ddc
_cBK
_02